[Event "Titled Tuesday intern op 16th Apr Early"]
[Site "Chess.com INT"]
[Date "2024.04.16"]
[Round "3"]
[White "Daaevik, Wadhawan"]
[Black "Ljukin, Sergei"]
[Result "0-1"]
[WhiteElo "2363"]
[BlackElo "2362"]
[PlyCount "40"]
[EventDate "2024.04.16"]
[EventType "swiss (blitz)"]
[EventRounds "11"]
[EventCountry "USA"]
[SourceTitle "CB17_2024"]
[SourceDate "2024.04.24"]
[SourceVersion "1"]
[SourceVersionDate "2024.04.24"]
[SourceQuality "1"]

1. d4 d5 2. c4 c6 3. Nf3 Nf6 4. Nc3 dxc4 5. a4 Bf5 6. Ne5 Na6 7. f3 Nd7 8. Nxc4 e5 9. e4 exd4 10. Qxd4 Nb4 11. Qd1 Be6 12. Bf4 Nc5 13. Nd6+ Bxd6 14. Bxd6 Bb3 15. Bxc5 Bxd1 16. Rxd1 Qa5 17. Bd6 0-0-0 18. Bc4 Nc2+ 19. Ke2 Rxd6 20. Rxd6 Qc5 0-1

[Event "Titled Tuesday intern op 13th Feb Early"]
[Site "Chess.com INT"]
[Date "2024.02.13"]
[Round "6"]
[White "Shubenkova, Veronika"]
[Black "Daaevik, Wadhawan"]
[Result "0-1"]
[WhiteElo "2007"]
[BlackElo "2311"]
[PlyCount "146"]
[EventDate "2024.02.13"]
[EventType "swiss (blitz)"]
[EventRounds "11"]
[EventCountry "USA"]
[SourceTitle "CB08_2024"]
[SourceDate "2024.02.21"]
[SourceVersion "1"]
[SourceVersionDate "2024.02.21"]
[SourceQuality "1"]

1. d4 d5 2. e3 Nf6 3. f4 c5 4. Nf3 Bg4 5. c3 Nc6 6. Be2 e6 7. Ne5 Bxe2 8. Qxe2 Bd6 9. 0-0 Ne4 10. Nd2 Nxd2 11. Bxd2 0-0 12. Nxc6 bxc6 13. e4 cxd4 14. cxd4 dxe4 15. Qxe4 Be7 16. f5 c5 17. Bc3 Bf6 18. dxc5 Bxc3 19. bxc3 exf5 20. Rxf5 Rc8 21. Raf1 Qd2 22. Qc4 Rc7 23. c6 Qd6 24. Rc5 Rfc8 25. a4 Qe6 26. Rd1 Qe3+ 27. Kh1 h6 28. h3 Kh7 29. Rd6 Re7 30. Qd4 Qg3 31. Qd3+ Qxd3 32. Rxd3 Re6 33. c7 Re7 34. Rd8 Rcxc7 35. Rdd5 g6 36. Kg1 Kg7 37. a5 Kf6 38. a6 Rxc5 39. Rxc5 Re6 40. Ra5 Rc6 41. Ra3 Ke5 42. Kf2 Kd5 43. Ke2 Kc4 44. Kd2 Kb5 45. Kd3 Rxa6 46. c4+ Kb6 47. Rb3+ Kc5 48. Rb5+ Kc6 49. Kd4 Ra3 50. Rc5+ Kd6 51. Rd5+ Kc7 52. Re5 Kd6 53. Re8 Ra2 54. g4 Rd2+ 55. Kc3 Rh2 56. Re3 f5 57. gxf5 gxf5 58. Kd4 f4 59. c5+ Kc6 60. Re6+ Kd7 61. Rxh6 f3 62. Kd5 Rd2+ 63. Ke4 f2 64. c6+ Kc7 65. Rf6 Rc2 66. Ke3 a5 67. Rf3 Rc3+ 68. Kxf2 Rxf3+ 69. Kxf3 a4 70. Kg4 a3 71. Kg5 a2 72. Kg6 a1Q 73. h4 Qh8 0-1

[Event "IND-ch U19"]
[Site "Ahmedabad"]
[Date "2023.09.28"]
[Round "11"]
[White "Mithiran, A."]
[Black "Daaevik, Wadhawan"]
[Result "0-1"]
[WhiteElo "1727"]
[BlackElo "1839"]
[PlyCount "90"]
[EventDate "2023.09.20"]
[EventType "swiss"]
[EventRounds "11"]
[EventCountry "IND"]
[SourceTitle "EXT 2024"]
[Source "ChessBase"]
[SourceDate "2023.10.10"]
[SourceVersion "1"]
[SourceVersionDate "2023.10.10"]
[SourceQuality "1"]

1. e4 c6 2. d4 d5 3. Nc3 dxe4 4. Nxe4 Nf6 5. Nxf6+ exf6 6. c3 Bd6 7. Bd3 0-0 8. Ne2 Re8 9. 0-0 Nd7 10. Qc2 Nf8 11. Ng3 Qc7 12. Bd2 g6 13. Ne4 Be7 14. Rfe1 Ne6 15. Bc4 Bd7 16. Be3 b5 17. Bb3 f5 18. Nc5 Bd6 19. Nxd7 Qxd7 20. Rad1 f4 21. Bc1 f3 22. Qe4 fxg2 23. Qxg2 Nf4 24. Qf3 Nd5 25. Bxd5 cxd5 26. Bh6 Re6 27. Rxe6 Qxe6 28. Rd3 Qe1+ 29. Kg2 Qe4 30. Re3 Qxf3+ 31. Rxf3 f5 32. Re3 Kf7 33. h4 Rc8 34. Kf3 Re8 35. Rxe8 Kxe8 36. b4 Kf7 37. Kg2 Be7 38. Kg3 Bf6 39. f4 Bg7 40. Bxg7 Kxg7 41. h5 Kf7 42. h6 Kf6 43. Kh4 g5+ 44. Kh5 gxf4 45. Kh4 Kg6 0-1

[Event "IND-ch U13 35th"]
[Site "Puducherry"]
[Date "2022.12.13"]
[Round "4"]
[White "Boominathan, Lalitaditaayyanar"]
[Black "Daaevik, Wadhawan"]
[Result "1/2-1/2"]
[WhiteElo "1578"]
[BlackElo "1780"]
[PlyCount "42"]
[EventDate "2022.12.11"]
[EventType "swiss"]
[EventRounds "11"]
[EventCountry "IND"]
[SourceTitle "EXT 2024"]
[Source "ChessBase"]
[SourceDate "2023.10.10"]
[SourceVersion "1"]
[SourceVersionDate "2023.10.10"]
[SourceQuality "1"]

1. Nf3 d5 2. d4 Nf6 3. c4 e6 4. Nc3 dxc4 5. e4 Bb4 6. Bxc4 Nxe4 7. 0-0 Nxc3 8. bxc3 Be7 9. Bf4 0-0 10. Qc2 Nd7 11. Bd3 g6 12. Rad1 Rb8 13. h4 Nf6 14. Ne5 Re8 15. Bh6 Bd7 16. g4 Bd6 17. Bg5 Be7 18. Bh6 Bd6 19. Bg5 Be7 20. Bh6 Bd6 21. Bg5 Be7 1/2-1/2

[Event "IND-ch U15 47th"]
[Site "New Delhi"]
[Date "2022.12.03"]
[Round "9"]
[White "Daaevik, Wadhawan"]
[Black "Shahil, Dey"]
[Result "1/2-1/2"]
[WhiteElo "1780"]
[BlackElo "2395"]
[PlyCount "124"]
[EventDate "2022.11.28"]
[EventType "swiss"]
[EventRounds "11"]
[EventCountry "IND"]
[SourceTitle "CBM 211 Extra"]
[Source "ChessBase"]
[SourceDate "2023.01.31"]
[SourceVersion "1"]
[SourceVersionDate "2023.01.31"]
[SourceQuality "1"]

1. d4 Nf6 2. c4 c6 3. Nc3 d5 4. cxd5 cxd5 5. Bf4 Nc6 6. e3 a6 7. Be2 e6 8. Rc1 Be7 9. h3 0-0 10. Nf3 b5 11. 0-0 Bb7 12. a4 b4 13. Nb1 Rc8 14. Nbd2 Qb6 15. Nb3 Rfd8 16. Nc5 Bxc5 17. dxc5 Qa5 18. Bg5 Re8 19. Bxf6 gxf6 20. Nd4 Ne7 21. Bd3 Bc6 22. Qe2 Bb7 23. h4 f5 24. Qh5 Ng6 25. c6 Ba8 26. Qg5 Qd8 27. Qxd8 Rexd8 28. Bxa6 Rc7 29. Bb5 Ne7 30. Rc5 e5 31. Nc2 b3 32. Na1 d4 33. exd4 exd4 34. Nxb3 d3 35. Rd1 Bxc6 36. Rxd3 Rxd3 37. Bxd3 Rd7 38. Bb5 Rd1+ 39. Kh2 Bd5 40. Bc4 Ba8 41. Rc7 Kf8 42. Nc5 Rd2 43. Nd7+ Ke8 44. Nf6+ Kd8 45. Ra7 Bc6 46. Bb5 Rxf2 47. Bxc6 Nxc6 48. Rxf7 Ne5 49. Rxh7 f4 50. Kg1 Rxb2 51. h5 Rb1+ 52. Kh2 Rb2 53. Rh8+ Ke7 54. Nd5+ Ke6 55. Nxf4+ Kf5 56. Rf8+ Kg5 57. Nh3+ Kh4 58. Nf2 Kg5 59. Ne4+ Kh4 60. Nf2 Kg5 61. Kg3 Rb3+ 62. Kh2 Rb2 1/2-1/2

[Event "IND-ch U15 47th"]
[Site "New Delhi"]
[Date "2022.12.03"]
[Round "8"]
[White "Nagare, Kaivalya Sandip"]
[Black "Daaevik, Wadhawan"]
[Result "1/2-1/2"]
[WhiteElo "2124"]
[BlackElo "1780"]
[PlyCount "244"]
[EventDate "2022.11.28"]
[EventType "swiss"]
[EventRounds "11"]
[EventCountry "IND"]
[SourceTitle "CBM 211 Extra"]
[Source "ChessBase"]
[SourceDate "2023.01.31"]
[SourceVersion "1"]
[SourceVersionDate "2023.01.31"]
[SourceQuality "1"]

1. e4 c5 2. Nf3 d6 3. d4 cxd4 4. Nxd4 Nf6 5. Nc3 a6 6. Bg5 Nbd7 7. Bc4 Qb6 8. Bb3 e6 9. Qd2 h6 10. Bh4 Be7 11. 0-0-0 Nc5 12. Rhe1 Bd7 13. Bg3 0-0 14. Bf4 Kh7 15. Nf3 e5 16. Be3 Nxb3+ 17. axb3 Qb4 18. Kb1 a5 19. Nd5 Nxd5 20. exd5 Rfc8 21. Qxb4 axb4 22. Bd2 Bf5 23. Rc1 Ra5 24. Bxb4 Rxd5 25. Nxe5 Bg5 26. Nc4 Bxc1 27. Rxc1 Bg6 28. Bc3 Re8 29. Ne3 Rc5 30. Rd1 Rc6 31. Kc1 Re7 32. Rd4 Re4 33. Rd5 f6 34. Kd2 Re7 35. Ra5 Rd7 36. h4 d5 37. Bd4 Re6 38. f3 h5 39. b4 Bf7 40. b5 b6 41. Ra8 Re8 42. Ra6 Rb8 43. Nd1 Rc7 44. b3 Rcb7 45. Nc3 Kg8 46. Ra1 Re7 47. Ra6 Reb7 48. Na4 Be8 49. c4 dxc4 50. bxc4 Rd8 51. Kc3 Rc8 52. Rxb6 Ra7 53. Nc5 Ra1 54. Rd6 Rc1+ 55. Kd3 Bf7 56. b6 Bxc4+ 57. Kd2 Rb1 58. Kc2 Rb5 59. b7 Rb8 60. Rc6 Kh7 61. Rc7 Kg6 62. g4 Bd5 63. gxh5+ Kxh5 64. Rxg7 Bxf3 65. Nd7 R8xb7 66. Nxf6+ Kh6 67. Rg3 Rc7+ 68. Kd2 Rd5 69. Ke3 Re7+ 70. Kxf3 Rxd4 71. Ng8+ Kh5 72. Nxe7 Rxh4 73. Ng6 Ra4 74. Nf4+ Kh6 75. Rg6+ Kh7 76. Rd6 Kg7 77. Kg4 Kf7 78. Kf5 Ke7 79. Rh6 Ra5+ 80. Ke4 Kd7 81. Nd5 Ra1 82. Nc3 Ra5 83. Kd4 Rg5 84. Ne4 Rg1 85. Ke5 Kc7 86. Nc3 Rc1 87. Nd5+ Kb7 88. Rb6+ Ka7 89. Kd6 Rc2 90. Rb1 Rc8 91. Ne7 Rh8 92. Kc6 Rh6+ 93. Kc7 Ka6 94. Nf5 Rh3 95. Nd4 Rh7+ 96. Kd6 Rh6+ 97. Ne6 Ka5 98. Kc5 Rh5+ 99. Kc4 Rh4+ 100. Nd4 Rh5 101. Rb8 Ka6 102. Ne6 Ka7 103. Rb1 Rf5 104. Nc5 Rh5 105. Rb7+ Ka8 106. Re7 Kb8 107. Kb5 Kc8 108. Kc6 Kd8 109. Re6 Rh8 110. Nb7+ Kc8 111. Nd6+ Kb8 112. Re7 Rh6 113. Rb7+ Ka8 114. Rf7 Rg6 115. Rd7 Rh6 116. Kb6 Rh8 117. Re7 Rg8 118. Rc7 Rh8 119. Ka6 Kb8 120. Rd7 Rh1 121. Nc4 Ra1+ 122. Kb5 Kc8 1/2-1/2

[Event "IND-ch U17"]
[Site "Bhubaneswar"]
[Date "2022.07.07"]
[Round "9"]
[White "Harsh, Suresh"]
[Black "Daaevik, Wadhawan"]
[Result "1-0"]
[WhiteElo "2321"]
[BlackElo "1707"]
[PlyCount "99"]
[EventDate "2022.07.01"]
[EventType "swiss"]
[EventRounds "11"]
[EventCountry "IND"]
[SourceTitle "EXT 2023"]
[Source "ChessBase"]
[SourceDate "2022.10.05"]
[SourceVersion "1"]
[SourceVersionDate "2022.10.05"]
[SourceQuality "1"]

1. e4 c5 2. Nc3 d6 3. f4 g6 4. Nf3 Bg7 5. Bc4 e6 6. 0-0 Nc6 7. Qe1 Nge7 8. d3 0-0 9. f5 gxf5 10. Bg5 f6 11. Be3 Kh8 12. Bb3 b6 13. Qh4 d5 14. exd5 exd5 15. Bh6 Ng6 16. Bxg7+ Kxg7 17. Qf2 Be6 18. Rae1 Qd7 19. d4 c4 20. Ba4 Qd6 21. Nb5 Qd7 22. Nc7 Qxc7 23. Rxe6 Nce7 24. Rfe1 Rf7 25. Nh4 Nxh4 26. Qxh4 Ng6 27. Qf2 Rd8 28. Qxf5 Qf4 29. Qxf4 Nxf4 30. R6e3 Ng6 31. Be8 Rf8 32. Kf2 Rb8 33. h4 a6 34. h5 Nh8 35. Re7+ Nf7 36. Bc6 Rbd8 37. R1e6 Kh8 38. Rxf6 Nd6 39. Rxf8+ Rxf8+ 40. Ke1 Nf5 41. Rb7 Nxd4 42. Bxd5 Nxc2+ 43. Kd2 Nb4 44. Be4 Rf2+ 45. Ke3 Rxb2 46. h6 Kg8 47. Bxh7+ Kf8 48. Be4 Nc2+ 49. Bxc2 Rxc2 50. h7 1-0

[Event "IND-ch U09 op 32nd"]
[Site "Ranchi"]
[Date "2018.09.18"]
[Round "6.4"]
[White "Daaevik, Wadhawan"]
[Black "Bharadia, Yash"]
[Result "0-1"]
[WhiteElo "1620"]
[BlackElo "1525"]
[PlyCount "156"]
[EventDate "2018.09.15"]
[EventType "swiss"]
[EventRounds "11"]
[EventCountry "IND"]
[SourceTitle "EXT 2024"]
[Source "ChessBase"]
[SourceDate "2023.10.10"]
[SourceVersion "1"]
[SourceVersionDate "2023.10.10"]
[SourceQuality "1"]

1. d4 d5 2. c4 e6 3. Nc3 Nf6 4. Nf3 Be7 5. Bf4 0-0 6. e3 c5 7. dxc5 Bxc5 8. Bd3 dxc4 9. Bxc4 Qxd1+ 10. Rxd1 Bb4 11. 0-0 Bxc3 12. bxc3 b6 13. Bd6 Re8 14. Bd3 Bb7 15. Nd4 Na6 16. Nb5 Rec8 17. c4 Bc6 18. f3 Bxb5 19. cxb5 Nc5 20. Bxc5 Rxc5 21. e4 e5 22. Rf2 Rac8 23. Rfd2 Kf8 24. Kf2 Ke7 25. g4 g5 26. Kg3 Rc1 27. h4 h6 28. a4 Rxd1 29. Rxd1 Rc3 30. hxg5 hxg5 31. Rd2 Nd7 32. Be2 Nc5 33. Kf2 Ra3 34. Bc4 Rxa4 35. Bd5 Rb4 36. Ra2 Rb2+ 37. Rxb2 Nd3+ 38. Ke3 Nxb2 39. Kd2 Na4 40. Kd3 f6 41. Kc4 Kd6 42. Kb4 Nb2 43. Bb3 Nd3+ 44. Kc4 Ne1 45. Bd1 Ng2 46. Be2 Nf4 47. Bd1 Kc7 48. Bb3 Kb7 49. Kb4 a6 50. bxa6+ Kxa6 51. Bc4+ Kb7 52. Kb5 Kc7 53. Kb4 Ng6 54. Kb5 Ne7 55. Be2 Nc6 56. Bd1 Nd4+ 57. Kb4 Kc6 58. Kc4 b5+ 59. Kb4 Kb6 60. Kc3 Kc5 61. Kb2 Kb4 62. Ka2 Kc3 63. Kb1 Kd2 64. Kb2 Kxd1 65. Kc3 Nxf3 66. Kb4 Nd4 67. Kc3 Ke2 68. Kb4 Ke3 69. Kc3 Kxe4 70. Kb4 Kd3 71. Ka3 Kc3 72. Ka2 Kc2 73. Ka3 Nc6 74. Ka2 b4 75. Ka1 f5 76. gxf5 b3 77. f6 Nb4 78. f7 b2# 0-1

[Event "Wch U08"]
[Site "Pocos de Caldas"]
[Date "2017.08.24"]
[Round "4"]
[White "Daaevik, Wadhawan"]
[Black "Mishra, Abhimanyu"]
[Result "0-1"]
[WhiteElo "1561"]
[BlackElo "1774"]
[PlyCount "72"]
[EventDate "2017.08.22"]
[EventType "swiss"]
[EventRounds "11"]
[EventCountry "BRA"]
[SourceTitle "CBM 180 Extra"]
[Source "ChessBase"]
[SourceDate "2017.10.06"]
[SourceVersion "1"]
[SourceVersionDate "2017.10.06"]
[SourceQuality "1"]

1. e4 e6 2. d4 d5 3. exd5 exd5 4. c4 Nf6 5. Nf3 c6 6. Be2 Be7 7. 0-0 0-0 8. Nc3 Be6 9. cxd5 cxd5 10. Be3 Nbd7 11. Re1 Rc8 12. a3 a6 13. h3 b5 14. b4 Rxc3 15. Bd2 Rc8 16. Bd3 Bd6 17. Ne5 Qb6 18. Nxd7 Bxd7 19. Be3 Rfe8 20. Qd2 Ne4 21. Qe2 Bf5 22. Qf3 Bg6 23. Bxe4 Bxe4 24. Qg4 Bg6 25. Bf4 Bxf4 26. Qxf4 h6 27. Rxe8+ Rxe8 28. Rd1 Re4 29. Qd2 Qe6 30. Qc3 Kh7 31. Rf1 Re2 32. Qc1 Rc2 33. Qf4 Qe4 34. Qd6 Qxd4 35. Qxa6 Bd3 36. Qc8 Rxc8 0-1